El Espíritu Santo o el deseo de Dios (Registro nro. 69899)
[ vista simple ]
| 000 -LÍDER | |
|---|---|
| Campo fijo de descripción fija | 01629nab a2200241 i 4500 |
| 001 - NÚMERO DE CONTROL | |
| Campo de control | 768714001 |
| 003 - IDENTIFICADOR DEL NÚMERO DE CONTROL | |
| Campo de control | CO-MdFUSB |
| 005 - FECHA Y HORA DE LA ULTIMA TRANSACCIÓN | |
| control field | 20240524100656.0 |
| 008 - ELEMENTOS DE LONGITUD FIJA -- INFORMACIÓN GENERAL | |
| Campo fijo de descripción fija -- Información general | 240524t1974 sp ||||| |||| 00| 0 spa d |
| 040 ## - FUENTE DE CATALOGACIÓN | |
| Idioma de catalogación | spa |
| Agencia que realiza la transcripción | CO-MdFUSB |
| Agencia que realiza la modificación | CO-MdFUSB |
| 041 ## - CÓDIGO DE IDIOMA | |
| Código de idioma para texto/pista de sonido o título separado | spa |
| 100 ## - ASIENTO PRINCIPAL--NOMBRE PERSONAL | |
| Nombre personal | Sagne, Jean-Claude, |
| Fechas asociadas con el nombre | 1936-2010 |
| Término relacionador | autor |
| 245 #3 - TÍTULO | |
| Título | El Espíritu Santo o el deseo de Dios |
| Mención de responsabilidad | / Jean Claude Sagne ; traducido por T. S. Muñoz |
| 520 ## - NOTA DE RESUMEN, ETC. | |
| Nota de sumario, etc. | Reflexión del creyente sobre el Espíritu, reflexión del analista sobre el deseo: estas dos reflexiones teóricas reclaman ser situadas de nuevo en su lugar de origen, que es la experiencia de la fe en una comunidad de creyentes y la experiencia de la cura analítica. Vamos a tratar de sugerir aquí la interacción viva y conflictiva entre el descubrimiento del Espíritu (de los efectos y fruto del Espíritu) en la vida de fe y el descubrimiento del deseo (de diversos deseos) en la cura analítica.<br/>Como la novedad (relativa) de esta comparación procede del psicoanálisis, nos parece indicado bosquejar un perfil de la liberación del deseo en la cura analítica para aplicarlo después a la obra del Espíritu, antes de hablar de sus rasgos específicos.<br/> |
| 650 #0 - ASIENTO SECUNDARIO DE MATERIA - TERMINO TEMÁTICO | |
| Término temático o nombre geográfico como elemento de entrada | Vida cristiana |
| 9 (RLIN) | 19 |
| 650 #7 - ASIENTO SECUNDARIO DE MATERIA - TERMINO TEMÁTICO | |
| Término temático o nombre geográfico como elemento de entrada | Psicología clínica |
| 9 (RLIN) | 7248 |
| 650 #0 - ASIENTO SECUNDARIO DE MATERIA - TERMINO TEMÁTICO | |
| Término temático o nombre geográfico como elemento de entrada | Espíritu Santo |
| 9 (RLIN) | 50 |
| 653 ## - TÉRMINO DE INDIZACIÓN - NO CONTROLADO | |
| Término no controlado | Terapia |
| 700 ## - ENTR. SECUNDARIA - Nombre Personal (R) | |
| Nombre de persona | Muñoz, T. S., |
| Término indicativo de función | traductor |
| 773 0# - ASIENTO DE ITEM FUENTE | |
| Biblionumber | 49450 |
| Itemnumber | 82679 |
| Otro identificador del ítem | R2589 |
| Título | Revista internacional de teología Concilium |
| Número de control del registro | (CO-MdFUSB)8 |
| Número Internacional Normalizado para Publicaciones Seriadas (ISSN) | 0210-1041 |
| Parte(s) relacionada(s) / Volumen., número. (mes año), páginas | Volumen 99, (noviembre, 1974 ) páginas: 317 - 331 |
| Enumeración y primera página | páginas: 317 |
| 942 ## - TIPO DE MATERIAL (KOHA) | |
| Tipo de Item KOHA | Artículos de Revista |
| 945 ## - INFORMACIÓN LOCAL DEL REGISTRO | |
| Catalogador | Catherine Arias Álvarez - Practicante SENA |
No hay ítems disponibles.
